Skončenie pracovného pomeru osobitných skupín zamestnancov
Tehotné ženy, osoby na materskej, otcovskej a rodičovskej dovolenke, osamelé osoby starajúce sa o dieťa mladšie ako tri roky, či osoby so zdravotným postihnutím, sú skupinami zamestnancov, na ktorých sa vzťahujú osobitné podmienky pri skončení pracovného pomeru.
Guardado en:
| Autor principal: | |
|---|---|
| Formato: | Capítulo de libro |
| Lenguaje: | eslovaco |
| Materias: | |
| Etiquetas: |
Sin Etiquetas, Sea el primero en etiquetar este registro!
|
MARC
| LEADER | 00000naa a2200000 4500 | ||
|---|---|---|---|
| 001 | 0300518 | ||
| 005 | 20240530094226.6 | ||
| 041 | 0 | |a slo | |
| 044 | |a SK | ||
| 245 | 1 | 0 | |a Skončenie pracovného pomeru osobitných skupín zamestnancov |c Miroslav Tichý |
| 520 | |a Tehotné ženy, osoby na materskej, otcovskej a rodičovskej dovolenke, osamelé osoby starajúce sa o dieťa mladšie ako tri roky, či osoby so zdravotným postihnutím, sú skupinami zamestnancov, na ktorých sa vzťahujú osobitné podmienky pri skončení pracovného pomeru. | ||
| 610 | 2 | 0 | |a pomer pracovný |
| 610 | 2 | 0 | |a zamestnanci |
| 610 | 2 | 0 | |a osoby zdravotne postihnuté |
| 610 | 2 | 0 | |a dovolenka rodičovská |
| 610 | 2 | 0 | |a dovolenka materská |
| 610 | 2 | 0 | |a skončenie pomeru pracovného |
| 610 | 2 | 0 | |a právo pracovné |
| 610 | 2 | 0 | |a zákony |
| 610 | 2 | 0 | |a zákonník práce |
| 100 | 1 | |a Tichý, Miroslav | |